Sketching for engineering design visualization / (Record no. 22454)
[ view plain ]
| 000 -LEADER | |
|---|---|
| fixed length control field | 00624nam a2200205 a 4500 |
| 005 - DATE AND TIME OF LATEST TRANSACTION | |
| control field | 20140310183408.0 |
| 008 - FIXED-LENGTH DATA ELEMENTS--GENERAL INFORMATION | |
| fixed length control field | 121030s19uu xx 00 eng d |
| 020 ## - INTERNATIONAL STANDARD BOOK NUMBER | |
| International Standard Book Number | 978143545362x |
| 050 ## - LIBRARY OF CONGRESS CALL NUMBER | |
| Classification number | TA 174 |
| Item number | .D855 2009 |
| 100 ## - MAIN ENTRY--PERSONAL NAME | |
| Personal name | Duff, Jon M. |
| 245 ## - TITLE STATEMENT | |
| Title | Sketching for engineering design visualization / |
| Statement of responsibility, etc | Jon M. Duff, William A. Ross. |
| 260 ## - PUBLICATION, DISTRIBUTION, ETC. (IMPRINT) | |
| Place of publication, distribution, etc | New York, United States : |
| Name of publisher, distributor, etc | Delmar Cengage Learning, |
| Date of publication, distribution, etc | 2009. |
| 300 ## - PHYSICAL DESCRIPTION | |
| Extent | xii, 292 p. : |
| Other physical details | ill. ; |
| Dimensions | 28 cm. |
| 521 ## - TARGET AUDIENCE NOTE | |
| Target audience note | |
| 650 ## - SUBJECT ADDED ENTRY--TOPICAL TERM | |
| Topical term or geographic name as entry element | Engineering design |
| 650 ## - SUBJECT ADDED ENTRY--TOPICAL TERM | |
| Topical term or geographic name as entry element | Engineering graphics |
| 700 ## - ADDED ENTRY--PERSONAL NAME | |
| Personal name | Ross, William A. |
| 942 ## - ADDED ENTRY ELEMENTS (KOHA) | |
| Koha item type | Books |
| Source of classification or shelving scheme | Library of Congress Classification |
| Call number prefix | Foreign |
| Withdrawn status | Lost status | Source of classification or shelving scheme | Damaged status | Home library | Current library | Shelving location | Date acquired | Source of acquisition | Total Checkouts | Full call number | Barcode | Date last seen | Copy number | Price effective from | Koha item type |
|---|---|---|---|---|---|---|---|---|---|---|---|---|---|---|---|
| Library of Congress Classification | College Library | College Library | General Circulation Section | 10/30/2012 | Donation | TA 174 .D855 2009 | C16446 | 05/15/2018 | 1 | 10/10/2013 | Books |